000 00501nam a2200217Ia 4500
008 210210b1949 xxu||||| |||| 00| 0 eng d
041 _aeng
082 _a531/44
100 _aDEVASSY (C P)
245 _aTextbook of physics for the intermediate course
260 _aMadras
_b-
_c1949
300 _a302
650 _aTextbook
650 _aphysics
650 _aintermediate
650 _afor
650 _acourse:light
690 _aPhysics
700 _aOUSEPH (C C)
906 _a008245
999 _c126170
_d126170